000 01788nam a2200553 i 4500
001 6199
003 KOSZ 005
005 20201015112814.0
008 970513s1992 pl a f |000 0 pol
015 _aUWD 1992/9395
035 _a991001501799705066
035 _a(PL-WaBN)b10430301-48omnis_nlop
035 _ab10430301
035 _a(OCoLC)802693200
035 _a(PL)b0000001043030
035 _a(EXLNZ-48OMNIS_NETWORK)9910265571105606
040 _aWA N
_cWA N
_dKOSZ 005/AR
041 _apol
044 _apl
046 _k1992
080 _a621.31
080 _a621.314
080 _a621.38
080 _a621.382
080 _a(075.8)
100 1 _aCitko, Tadeusz
_d(1944- )
_eAutor
245 1 0 _aAnaliza układów energoelektroniki /
_cTadeusz Citko.
260 _aBiałystok :
_bWydawnictwa Politechniki Białostockiej,
_c1992.
300 _a253 s. :
_bilustracje. ;
_c23 cm.
336 _aTekst
_btxt
_2rdacontent
337 _aBez urządzenia pośredniczącego
_bn
_2rdamedia
338 _aWolumin
_bnc
_2rdacarrier
380 _aKsiążki
388 _a1901-2000
388 _a1989-2000
490 1 _aSkrypty / Politechnika Białostocka
504 _aBibliografia na stronach 251-253.
650 7 _aElektroenergetyka
_2DBN
650 7 _aElektronika
_2DBN
650 7 _aEnergoelektronika
650 7 _aUkład elektroniczny
655 7 _aPodręczniki akademickie
_2DBN
658 _aInżynieria i technika
710 2 _aOficyna Wydawnicza Politechniki Białostockiej
_4pbl
830 0 _aSkrypty - Politechnika Białostocka
856 _uhttp://koha.tu.koszalin.pl/cgi-bin/koha/opac-detail.pl?biblionumber=6199
_yKatalog online BPK
942 _2UKD
_cKS
999 _c6199
_d6199